| 000 | 01865nam a22002897a 4500 | ||
|---|---|---|---|
| 999 |
_c21817 _d21817 |
||
| 003 | AR-CdUCM | ||
| 008 | 190425b ||||| |||| 00| 0 spa d | ||
| 040 |
_aMUNICIPALIDAD PROVINCIAL DEL CUSCO _cBIBLIOTECA MUNICIPAL DEL CUSCO |
||
| 082 | _aRev.Allp/N°20/1982 | ||
| 110 |
_aInstituto de Pastoral Andina _912766 |
||
| 245 |
_aAllpanchis Phuturinqa : _bRevista Anual / |
||
| 260 |
_aCusco : _bInstituto de Pastoral Andina, _c1983. |
||
| 300 |
_a307 páginas. : _bilustraciones ; _c20 cm. |
||
| 440 |
_aRevista del Instituto de Pastoral Andina Cusco _nAño XII, 1982,N°20.Vol. XVII. _946233 |
||
| 500 | _aReligión mito y rituales en el Perú | ||
| 505 | _aContenido: El regadío los lagos y los mitos de origen. Jeanette Sherbondy. -- Representaciones colectivas y arqueología mental en los Andes. Henrique Urbano. -- Lo utopía andina. Manuel Burga. -- El discurso mítico de Santa Cruz Pachacuti Yamqui. Lionel Valee. -- Cofradías de indios y poder local en el Perú colonial Huaraz siglo XVII. Rafael Varon. -- Juego de enemigos. Diane Hopkins. -- Moya espacio tiempo y sexo en un pueblo andino. Alejandro Ortiz. -- Diezmos de Huamanga. Lorenzo Huertas. -- Verdad y engaños en mitos ayacuchanos. Juan Ansion. -- La teoría de lo andino y el campesinado de hoy. Rodrigo Sánchez. -- La coca y la cultura andina. -- Las cofradías en el Perú. Zoila Mendoza. -- Un nuevo aporte a la teoría social de las artes plásticas. Elizabeth Acha. -- Cusco 1689 economía y sociedad en el sur andino. Gabriela Ramos. | ||
| 650 |
_aCultura andina _946225 |
||
| 650 |
_aReligiosidad andina _944127 |
||
| 650 |
_aRitos andinos _96634 |
||
| 650 |
_aAgua y poder _946234 |
||
| 700 |
_aUrbano, Enrique _939364 |
||
| 700 |
_aSherbondy, Jeanette _95884 |
||
| 700 |
_aBurga, Manuel _92836 |
||
| 700 |
_aFlores Galindo, Alberto _92837 |
||
| 942 |
_2ddc _cPP |
||
| 945 | _arac | ||